<?xml version="1.0" encoding="UTF-8"?>
<record
    xmlns:xsi="http://www.w3.org/2001/XMLSchema-instance"
    xsi:schemaLocation="http://www.loc.gov/MARC21/slim http://www.loc.gov/standards/marcxml/schema/MARC21slim.xsd"
    xmlns="http://www.loc.gov/MARC21/slim">

  <leader>02585nam a2200433 a 4500</leader>
  <controlfield tag="003">Mxchpua</controlfield>
  <controlfield tag="005">20250506181822.0</controlfield>
  <controlfield tag="007">ta</controlfield>
  <controlfield tag="008">250116s2023    mx  bdof |||| 001 0 spa d</controlfield>
  <datafield tag="040" ind1=" " ind2=" ">
    <subfield code="a">mxchpua</subfield>
  </datafield>
  <datafield tag="090" ind1=" " ind2=" ">
    <subfield code="a">T.C.933</subfield>
    <subfield code="b">M36 IA</subfield>
    <subfield code="c">2023</subfield>
  </datafield>
  <datafield tag="245" ind1="1" ind2=" ">
    <subfield code="a">Reporte final de viaje de estudios del 05 de marzo &#x2013; 17 de marzo /</subfield>
    <subfield code="c">coordinador Mat&#xED;as Manzano Zavala ; colaboradores Juan Antonio Antonio Mart&#xED;nez...[y otros]</subfield>
  </datafield>
  <datafield tag="260" ind1=" " ind2=" ">
    <subfield code="a">Chapingo, M&#xE9;xico :</subfield>
    <subfield code="b">El autor,</subfield>
    <subfield code="c">2023</subfield>
  </datafield>
  <datafield tag="300" ind1=" " ind2=" ">
    <subfield code="a">1 recurso en l&#xED;nea (392 p&#xE1;ginas) :</subfield>
    <subfield code="b">ilustraciones, mapas, gr&#xE1;ficas, diagramas, tablas, fotos</subfield>
  </datafield>
  <datafield tag="336" ind1=" " ind2=" ">
    <subfield code="2">rdacontent</subfield>
    <subfield code="a">Texto</subfield>
    <subfield code="b">txt</subfield>
  </datafield>
  <datafield tag="337" ind1=" " ind2=" ">
    <subfield code="2">rdamedia</subfield>
    <subfield code="a">computadora </subfield>
    <subfield code="b">c</subfield>
  </datafield>
  <datafield tag="338" ind1=" " ind2=" ">
    <subfield code="2">rdacarrier</subfield>
    <subfield code="a">computadora </subfield>
    <subfield code="b">cr</subfield>
  </datafield>
  <datafield tag="500" ind1=" " ind2=" ">
    <subfield code="a">Grado 4&#xB0; : Grupo 5
Directorio: p&#xE1;ginas 362-364</subfield>
  </datafield>
  <datafield tag="502" ind1=" " ind2=" ">
    <subfield code="a">Viaje de Estudios</subfield>
    <subfield code="b">(IA) --</subfield>
    <subfield code="c">UACh. Departamento de Ingenier&#xED;a Agroindustrial,</subfield>
    <subfield code="d">2023</subfield>
  </datafield>
  <datafield tag="504" ind1=" " ind2=" ">
    <subfield code="a">Incluye bibliograf&#xED;as</subfield>
  </datafield>
  <datafield tag="505" ind1="0" ind2="0">
    <subfield code="a">Visitas:</subfield>
    <subfield code="t">1. Dulces Bernal --
2. Agrovida Produce Noria Nueva S. A. de C. V. --
3. Nutryplus S. A. P. I. de C. V. --
4. Miel Ontiveros --
5. Freixenet M&#xE9;xico --
6. Rastro municipal 412, TIF Quer&#xE9;taro --
7. Oly Granja &amp; Queser&#xED;a --
8. La Chivita Celayense --
9. Uni&#xF3;n Ganadera Regional de Guanajuato --
10. F&#xE1;brica de Cajeta "La Reyna" --
11. Empacadora los Aguilares, Grupo U, Mr. Lucky --
12. Cerveza Libertad --
13. Harinera seis hermanos --
14. Jos&#xE9; Cuervo --
15. Rancho Miel Oro --
16. Productos Arc&#xE1;ngel --
17. AVIBEL de M&#xE9;xico --
18. Ovoalimentos Nutritivos SA de CV --
19. Pures y Derivados de Nayarit S. de R. L. MI. </subfield>
  </datafield>
  <datafield tag="650" ind1="1" ind2="3">
    <subfield code="a">Industria del ganado y de la carne</subfield>
    <subfield code="z">M&#xE9;xico  </subfield>
    <subfield code="9">147829</subfield>
  </datafield>
  <datafield tag="650" ind1="1" ind2="3">
    <subfield code="a">Industria de productos hort&#xED;colas</subfield>
    <subfield code="z">M&#xE9;xico  </subfield>
    <subfield code="9">156980</subfield>
  </datafield>
  <datafield tag="650" ind1="1" ind2="7">
    <subfield code="a">Industria lechera</subfield>
    <subfield code="z">M&#xE9;xico</subfield>
    <subfield code="9">57847</subfield>
  </datafield>
  <datafield tag="650" ind1="1" ind2="3">
    <subfield code="a">Edulcorantes</subfield>
    <subfield code="x">Industria y comercio</subfield>
    <subfield code="z">M&#xE9;xico   </subfield>
    <subfield code="9">155253</subfield>
  </datafield>
  <datafield tag="650" ind1="1" ind2="3">
    <subfield code="a">Industria de licores</subfield>
    <subfield code="z">M&#xE9;xico</subfield>
    <subfield code="9">161687</subfield>
  </datafield>
  <datafield tag="650" ind1="1" ind2="3">
    <subfield code="a">Industria del vino</subfield>
    <subfield code="z">M&#xE9;xico  </subfield>
    <subfield code="9">149529</subfield>
  </datafield>
  <datafield tag="650" ind1="1" ind2="3">
    <subfield code="a">Industria del huevo</subfield>
    <subfield code="z">M&#xE9;xico  </subfield>
    <subfield code="9">150525</subfield>
  </datafield>
  <datafield tag="650" ind1="1" ind2="3">
    <subfield code="a">Livestock and meat industry</subfield>
    <subfield code="z">Mexico  </subfield>
    <subfield code="9">147830</subfield>
  </datafield>
  <datafield tag="650" ind1="1" ind2="3">
    <subfield code="a">Horticultural products industry</subfield>
    <subfield code="z">Mexico</subfield>
    <subfield code="9">151427</subfield>
  </datafield>
  <datafield tag="650" ind1="1" ind2="3">
    <subfield code="a">Dairy industry</subfield>
    <subfield code="z">Mexico</subfield>
    <subfield code="9">152363</subfield>
  </datafield>
  <datafield tag="650" ind1="1" ind2="0">
    <subfield code="a">Sweeteners</subfield>
    <subfield code="x">Industry and trade</subfield>
    <subfield code="z">Mexico</subfield>
    <subfield code="9">155254</subfield>
  </datafield>
  <datafield tag="650" ind1="1" ind2="3">
    <subfield code="a">Distilling industry</subfield>
    <subfield code="z">Mexico</subfield>
    <subfield code="9">150297</subfield>
  </datafield>
  <datafield tag="650" ind1="1" ind2="3">
    <subfield code="a">Wine industry</subfield>
    <subfield code="z">Mexico</subfield>
    <subfield code="9">149531</subfield>
  </datafield>
  <datafield tag="650" ind1="1" ind2="3">
    <subfield code="a">Egg industry</subfield>
    <subfield code="z">M&#xE9;xico</subfield>
    <subfield code="9">150521</subfield>
  </datafield>
  <datafield tag="700" ind1="1" ind2=" ">
    <subfield code="a">Manzano Zavala, Mat&#xED;as</subfield>
    <subfield code="9">185157</subfield>
    <subfield code="e">coordinador</subfield>
  </datafield>
  <datafield tag="700" ind1="1" ind2=" ">
    <subfield code="a">Antonio Mart&#xED;nez, Juan Antonio</subfield>
    <subfield code="9">189143</subfield>
    <subfield code="e">colaborador</subfield>
  </datafield>
  <datafield tag="856" ind1="4" ind2="0">
    <subfield code="u">http://10.13.5.2/ve/TC933_IA/TC933_IA_2023-REPORTE.pdf</subfield>
    <subfield code="y">DESCARGAR REPORTE</subfield>
  </datafield>
  <datafield tag="999" ind1=" " ind2=" ">
    <subfield code="c">220336</subfield>
    <subfield code="d">220336</subfield>
  </datafield>
  <datafield tag="952" ind1=" " ind2=" ">
    <subfield code="0">0</subfield>
    <subfield code="1">0</subfield>
    <subfield code="2">local</subfield>
    <subfield code="4">0</subfield>
    <subfield code="7">0</subfield>
    <subfield code="8">VEE</subfield>
    <subfield code="a">IA_</subfield>
    <subfield code="b">IA_</subfield>
    <subfield code="c">E_L</subfield>
    <subfield code="d">2025-01-16</subfield>
    <subfield code="e">El autor</subfield>
    <subfield code="l">0</subfield>
    <subfield code="o">T.C.933 M36 IA 2023</subfield>
    <subfield code="p">1206015143</subfield>
    <subfield code="r">2025-01-16 13:48:58</subfield>
    <subfield code="w">2025-01-16</subfield>
    <subfield code="y">VEE</subfield>
  </datafield>
</record>
